MARC

LEADER 00000nam0a2200000 4500
001 362125
005 20231102011446.0
035 |a (RuTPU)RU\TPU\retro\19471 
090 |a 362125 
100 |a 20210716d1981 km y0rusy50 ca 
101 0 |a rus 
102 |a RU 
105 |a y z 001zy 
200 1 |a Познание бесконечного  |f А. С. Кармин 
210 |a Москва  |c Мысль  |d 1981 
215 |a 229 с. 
225 1 |a Философия и естествознание 
320 |a Библиография в ссылках 
606 1 |a Бесконечное и конечное  |x Философия  |2 stltpush  |3 (RuTPU)RU\TPU\subj\28275  |9 51820 
610 1 |a конечные объекты 
610 1 |a познание 
610 1 |a мышление 
610 1 |a принципы 
610 1 |a неисчерпаемость 
610 1 |a материя 
610 1 |a Вселенная 
686 |a Ю212.79  |v LBC/SL-A  |2 rubbk 
700 1 |a Кармин  |b А. С.  |g Анатолий Соломонович 
801 1 |a RU  |b 63413507  |c 20210716 
942 |c BK